000 00725nam a2200289Ia 4500
005 20260324125422.0
008 008 260324s9999 xx 000 0 eng d
020 _a9781315573335
037 _aEBOOK
040 _aCRL
040 _beng
040 _cCRL
041 _2eng
041 _aeng
084 _qCRL
100 _aMonica Flegel
_91158375
245 0 _aConceptualizing Cruelty to Children in Nineteenth-Century England
245 0 _bLiterature, Representation, and the NSPCC
260 _bTaylor and Francis
260 _c2009
365 _a
365 _b240
856 _uhttp://www.taylorfrancis.com/books/9781315573335
942 _cEBOOK
999 _c1773151
_d1773151